<?xml version="1.0" encoding="UTF-8"?>
<collection xmlns="http://www.loc.gov/MARC21/slim">
<record>
  <controlfield tag="001">161811</controlfield>
  <controlfield tag="005">20250627111337.0</controlfield>
  <datafield tag="037" ind1=" " ind2=" ">
    <subfield code="a">TESIS-2025-190</subfield>
  </datafield>
  <datafield tag="041" ind1=" " ind2=" ">
    <subfield code="a">spa</subfield>
  </datafield>
  <datafield tag="100" ind1="1" ind2=" ">
    <subfield code="a">Martín Sánchez, Rubén</subfield>
  </datafield>
  <datafield tag="245" ind1="0" ind2="0">
    <subfield code="a">Diversity and adaptation in genus Quercus L. species: Physiology, Morphology and defense strategies </subfield>
  </datafield>
  <datafield tag="260" ind1=" " ind2=" ">
    <subfield code="a">Zaragoza</subfield>
    <subfield code="b">Universidad de Zaragoza, Prensas de la Universidad</subfield>
    <subfield code="c">2025</subfield>
  </datafield>
  <datafield tag="300" ind1=" " ind2=" ">
    <subfield code="a">143</subfield>
  </datafield>
  <datafield tag="490" ind1="0" ind2=" ">
    <subfield code="a">Tesis de la Universidad de Zaragoza</subfield>
    <subfield code="x">2254-7606</subfield>
    <subfield code="v">2025-189</subfield>
  </datafield>
  <datafield tag="500" ind1=" " ind2=" ">
    <subfield code="a">Presentado:  29 04 2025</subfield>
  </datafield>
  <datafield tag="502" ind1=" " ind2=" ">
    <subfield code="a">Tesis-Univ. Zaragoza,  , 2025</subfield>
    <subfield code="b">Zaragoza, Universidad de Zaragoza</subfield>
    <subfield code="c">2025</subfield>
  </datafield>
  <datafield tag="520" ind1=" " ind2=" ">
    <subfield code="a">El género Quercus cuenta con más de 400 especies distribuidas por todo el hemisferio norte. Esta biodiversidad, sumada a las dispares historias evolutivas de los diferentes clados subgénericos, se traduce en una gran diversidad de morfologías foliares, estrategias fisiológicas y ecológicas que les permiten colonizar, e incluso dominar, numerosos hábitats en climas muy diferentes.&lt;br />El clima mediterráneo, por ejemplo, es uno de los más restrictivos por la presencia de una sequía estival y unas temperaturas invernales bajas. En la cuenca mediterránea, una especie paradigmática de Quercus asociada a este clima es la encina. Esta especie cuenta con un comportamiento bimodal asociado a dos morfotipos que presentan diferencias en sus estrategias para enfrentarse a dichos factores de estrés. Así, el morfotipo Ballota, que ocupa condiciones generalmente más continentales y frías, presenta mayor resistencia a la cavitación, vasos más pequeños en su xilema y mayor tolerancia al frío que el morfotipo Ilex, que habitualmente está presente en zonas más suaves por su proximidad al mar.&lt;br />La encina define un síndrome foliar característico del clima Mediterráneo, que comparte con las especies que ocupan climas áridos y algunas otras especies mediterráneas. Este síndrome se caracteriza por presentar hojas pequeñas, esclerófilas, perennifolias, generalmente redondeadas, pubescentes y de bordes enteros, a veces con espinas o mucrones. Otras especies mediterráneas, junto con las templadas presentan hojas grandes, malacófilas, caducifolias, obovadas y lobuladas. Las especies tropicales tenderían a desarrollar hojas más largas, ligeramente esclerófilas, perennifolias, de bordes serrados, con ápices acuminados y glabras.&lt;br />El hábito foliar también define dos estrategias anatómicas diferentes en Quercus a nivel de pecíolo. Por un lado, las especies caducifolias tienden a aumentar el tamaño de sus vasos en el xilema y las células del floema para satisfacer las mayores demandas hidráulicas y fotosintéticas que implica desarrollar una mayor lámina foliar. Por el contrario, las especies perennifolias tienden a seguir una estrategia más conservadora, aumentando su capacidad hidráulica especialmente a través de la inversión en superficie conductora.&lt;br />Por último, queda demostrado cómo las especies de Quercus tienden a maximizar una única estrategia para defenderse de los herbívoros, ya sea de naturaleza física, química o de tolerancia a la presión biótica. Las especies más esclerófilas optimizarían una estrategia defensiva de tipo físico, mientras que el resto apostarían o bien por incrementar sus concentraciones de taninos condensados o su ratio relativo de crecimiento.&lt;br /></subfield>
  </datafield>
  <datafield tag="506" ind1=" " ind2=" ">
    <subfield code="a">by-nc</subfield>
    <subfield code="b">Creative Commons</subfield>
    <subfield code="c">3.0</subfield>
    <subfield code="u">http://creativecommons.org/licenses/by-nc/3.0/es</subfield>
  </datafield>
  <datafield tag="520" ind1=" " ind2=" ">
    <subfield code="a">&lt;br /></subfield>
  </datafield>
  <datafield tag="521" ind1=" " ind2=" ">
    <subfield code="9">7096</subfield>
    <subfield code="a">Programa de Doctorado en Ciencias Agrarias y del Medio Natural</subfield>
  </datafield>
  <datafield tag="653" ind1="1" ind2=" ">
    <subfield code="a">fisiología vegetal</subfield>
  </datafield>
  <datafield tag="653" ind1="1" ind2=" ">
    <subfield code="a">ecología vegetal</subfield>
  </datafield>
  <datafield tag="653" ind1="1" ind2=" ">
    <subfield code="a">flora mediterránea</subfield>
  </datafield>
  <datafield tag="700" ind1=" " ind2=" ">
    <subfield code="a">Gil Pelegrín, Eustaquio </subfield>
    <subfield code="e">dir.</subfield>
  </datafield>
  <datafield tag="710" ind1="2" ind2=" ">
    <subfield code="a">Universidad de Zaragoza</subfield>
    <subfield code="b"> </subfield>
  </datafield>
  <datafield tag="830" ind1=" " ind2=" ">
    <subfield code="9">508</subfield>
  </datafield>
  <datafield tag="856" ind1="0" ind2=" ">
    <subfield code="f">cdeurop@unizar.es</subfield>
  </datafield>
  <datafield tag="856" ind1="4" ind2=" ">
    <subfield code="u">http://zaguan.unizar.es/record/161811/files/TESIS-2025-190.pdf</subfield>
    <subfield code="z">Texto completo (spa)</subfield>
  </datafield>
  <datafield tag="909" ind1="C" ind2="O">
    <subfield code="o">oai:zaguan.unizar.es:161811</subfield>
    <subfield code="p">driver</subfield>
    <subfield code="p">tesis</subfield>
  </datafield>
  <datafield tag="910" ind1="2" ind2=" ">
    <subfield code="a">Ingeniería y Arquitectura</subfield>
    <subfield code="b"> </subfield>
  </datafield>
  <datafield tag="691" ind1=" " ind2=" ">
    <subfield code="a">15</subfield>
  </datafield>
  <datafield tag="692" ind1=" " ind2=" ">
    <subfield code="a">Proteger, restaurar y promover la utilización sostenible de los ecosistemas terrestres, gestionar de manera sostenible los bosques, combatir la desertificación y detener y revertir la degradación de la tierra, y frenar la pérdida de diversidad biológica.</subfield>
  </datafield>
  <datafield tag="540" ind1=" " ind2=" ">
    <subfield code="9">info:eu-repo/semantics/openAccess</subfield>
  </datafield>
  <datafield tag="980" ind1=" " ind2=" ">
    <subfield code="a">TESIS</subfield>
  </datafield>
</record>
</collection>